[Event "2 Bundesliga Mitte 2006/2007"]
[Site "Graz"]
[Date "2007.01.28"]
[Round "7"]
[Board "4"]
[White "Heimberger, Reinhard"]
[Black "Kirschner, Alexander"]
[Result "1-0"]
[WhiteElo "2294"]
[BlackElo "2256"]
[PlyCount "43"]
[EventDate "2006.10.28"]
[EventType "team"]
[EventRounds "11"]
[EventCountry "AUT"]
[WhiteTeam "ASK St Valentin"]
[BlackTeam "Sauwald"]

1.c4 e5 2.Nc3 Nf6 3.g3 Nc6 4.Bg2 Bc5 5.e3 O-O 6.Nge2 Re8 7.O-O e4 8.a3 d6 9.Nf4
Bf5 10.Qc2 Qe7 11.b4 Bb6 12.Bb2 Rac8 13.Rac1 Nb8 14.Nfd5 Nxd5 15.Nxd5 Qg5 16.h4
Qg6 17.Nf4 Qh6 18.f3 exf3 19.Qxf5 fxg2 20.Kxg2 f6 21.Nd5 Rcd8 22.Nxf6+

[Event "2 Bundesliga Mitte 2006/2007"]
[Site "Graz"]
[Date "2007.01.28"]
[Round "7"]
[Board "5"]
[White "Linhart, Wolfgang"]
[Black "Kranzl, Peter"]
[Result "1/2-1/2"]
[WhiteElo "2223"]
[BlackElo "2258"]
[PlyCount "79"]
[EventDate "2006.10.28"]
[EventType "team"]
[EventRounds "11"]
[EventCountry "AUT"]
[WhiteTeam "Sauwald"]
[BlackTeam "ASK St Valentin"]

1.d4 Nf6 2.Nf3 g6 3.Bf4 Bg7 4.e3 O-O 5.Be2 d6 6.h3 c5 7.c3 Qb6 8.Qc1 cxd4 9.exd4
Bf5 10.O-O Nc6 11.Nbd2 Rac8 12.Nc4 Qd8 13.Bh6 b5 14.Bxg7 Kxg7 15.Ne3 Be4 16.Qd2
Qb6 17.Rad1 e6 18.Nh2 Ne7 19.Nhg4 Neg8 20.Rfe1 Qb7 21.Bf1 Rc7 22.Nxf6 Nxf6
23.Ng4 Nxg4 24.hxg4 Bd5 25.Qf4 Qb6 26.a3 h6 27.Rd3 a5 28.Rh3 Rh8 29.Bd3 b4
30.axb4 axb4 31.Be4 Bxe4 32.Qxe4 bxc3 33.bxc3 Qc6 34.Qf4 Qd7 35.Qd2 Qd8 36.f4
Ra7 37.Rf1 Qa8 38.Rf2 Ra1+ 39.Kh2 Qe4 40.Qe3

[Event "2 Bundesliga Mitte 2006/2007"]
[Site "Graz"]
[Date "2007.01.28"]
[Round "7"]
[Board "2"]
[White "Haba, Petr"]
[Black "Bukal, Vladimir Jun"]
[Result "1-0"]
[WhiteElo "2514"]
[BlackElo "2407"]
[PlyCount "79"]
[EventDate "2006.10.28"]
[EventType "team"]
[EventRounds "11"]
[EventCountry "AUT"]
[WhiteTeam "SC Ansfelden"]
[BlackTeam "SG Alpine Raika Trofaiach Niklasdorf"]

1.e4 e6 2.d4 d5 3.e5 c5 4.c3 Nc6 5.Nf3 Bd7 6.dxc5 Bxc5 7.b4 Bb6 8.b5 Na5 9.Bd3
Qc7 10.O-O Nc4 11.a4 Ne7 12.Qe2 Rc8 13.Nbd2 Na5 14.Ba3 Bc5 15.Bb4 Ng6 16.g3 b6
17.Rae1 Qd8 18.h4 h6 19.h5 Nf8 20.Bxa5 bxa5 21.Nb3 Bb6 22.c4 dxc4 23.Bxc4 Nh7
24.Nfd2 O-O 25.Ne4 Rc7 26.Kh2 f5 27.Nd6 f4 28.Qg4 Qg5 29.Kh3 Kh8 30.Re4 Rxc4
31.Nxc4 fxg3 32.Nxb6 axb6 33.Kxg3 Be8 34.Qxg5 Nxg5 35.Re3 Bxh5 36.f4 Bg6 37.Rfe1
Nf7 38.Nd4 Nd8 39.Rc1 Nb7 40.Nxe6

[Event "2 Bundesliga Mitte 2006/2007"]
[Site "Graz"]
[Date "2007.01.28"]
[Round "7"]
[Board "3"]
[White "Stuhlik, Marko"]
[Black "Knoll, Hermann"]
[Result "1/2-1/2"]
[WhiteElo "2229"]
[BlackElo "2373"]
[PlyCount "143"]
[EventDate "2006.10.28"]
[EventType "team"]
[EventRounds "11"]
[EventCountry "AUT"]
[WhiteTeam "SG Alpine Raika Trofaiach Niklasdorf"]
[BlackTeam "SC Ansfelden"]

1.g3 d5 2.Nf3 c5 3.Bg2 Nc6 4.O-O e5 5.d3 f6 6.e4 d4 7.Nh4 Be6 8.f4 Qd7 9.Bf3
O-O-O 10.f5 Bf7 11.Bh5 Bd6 12.Bxf7 Qxf7 13.Nd2 Bc7 14.Rf2 Nge7 15.b3 b5 16.a4 a6
17.Ndf3 Kb7 18.Ba3 Bd6 19.Qe2 Nc8 20.axb5 axb5 21.g4 Nb6 22.g5 Qe7 23.Bc1 Ra8
24.Rb1 Nb4 25.Rg2 Rhg8 26.Ne1 Na2 27.Bd2 fxg5 28.Bxg5 Nc3 29.Qh5 Qc7 30.Rc1 g6
31.fxg6 hxg6 32.Qg4 c4 33.Nef3 cxb3 34.cxb3 Qd7 35.Qg3 Qe6 36.Rf1 Nd7 37.Rgf2
Raf8 38.Ng2 Nc5 39.Bh6 Nxd3 40.Ng5 Nxf2 41.Bxf8 Nh3+ 42.Qxh3 Qxh3 43.Nxh3 Rxf8
44.Rxf8 Bxf8 45.Nf2 Ne2+ 46.Kf1 Nc1 47.Nh4 Kc6 48.Nxg6 Bg7 49.b4 Kd6 50.Ke1 Na2
51.Nd3 Ke6 52.Ke2 Nc3+ 53.Kf3 Na4 54.Kg4 Nb6 55.h4 Nc4 56.h5 Nd6 57.Nc5+ Kf7
58.Kf3 Nc4 59.Kg4 Ne3+ 60.Kf3 Kf6 61.Nd7+ Ke6 62.Nc5+ Kd6 63.Nb7+ Kc6 64.Nc5 Nc4
65.Kg4 Nb2 66.h6 Bxh6 67.Nxe5+ Kb6 68.Ned3 Nc4 69.Nb3 Ne3+ 70.Kf3 Nc2 71.e5 Bf8
72.Ke4

[Event "2 Bundesliga Mitte 2006/2007"]
[Site "Graz"]
[Date "2007.01.28"]
[Round "7"]
[Board "4"]
[White "Hellmayr, Alois"]
[Black "Mitter, Gerd"]
[Result "1/2-1/2"]
[WhiteElo "2315"]
[BlackElo "2194"]
[PlyCount "85"]
[EventDate "2006.10.28"]
[EventType "team"]
[EventRounds "11"]
[EventCountry "AUT"]
[WhiteTeam "SC Ansfelden"]
[BlackTeam "SG Alpine Raika Trofaiach Niklasdorf"]

1.Nf3 Nf6 2.b3 g6 3.Bb2 Bg7 4.g3 O-O 5.c4 c5 6.Bg2 Nc6 7.O-O d5 8.cxd5 Nxd5
9.Bxg7 Kxg7 10.Qc1 b6 11.Qb2+ Kg8 12.d4 cxd4 13.Nxd4 Nxd4 14.Qxd4 Bb7 15.Na3 e6
16.Rfd1 Qe7 17.Nc4 Rfd8 18.Qe5 Rac8 19.h4 f6 20.Qb2 Rc7 21.Rd2 Rcd7 22.Rad1 Kg7
23.e4 Nb4 24.a3 Rxd2 25.Rxd2 Nd3 26.Qc3 Nc5 27.e5 Rxd2 28.Nxd2 Bxg2 29.Kxg2 Qb7+
30.Kg1 f5 31.b4 Ne4 32.Nxe4 Qxe4 33.Qc7+ Kh6 34.Qc1+ Kg7 35.Qc7+ Kh6 36.Qxa7
Qe1+ 37.Kg2 Qe4+ 38.Kh2 Qd4 39.Kg1 Qd1+ 40.Kg2 Qd5+ 41.Kg1 Qd1+ 42.Kh2 Qd4
43.Kg2

[Event "2 Bundesliga Mitte 2006/2007"]
[Site "Graz"]
[Date "2007.01.28"]
[Round "7"]
[Board "5"]
[White "Spirk, Stefan"]
[Black "Mittermayr, Gerhard"]
[Result "1-0"]
[WhiteElo "2125"]
[BlackElo "2178"]
[PlyCount "57"]
[EventDate "2006.10.28"]
[EventType "team"]
[EventRounds "11"]
[EventCountry "AUT"]
[WhiteTeam "SG Alpine Raika Trofaiach Niklasdorf"]
[BlackTeam "SC Ansfelden"]

1.e4 e6 2.Nf3 d5 3.e5 c5 4.b4 cxb4 5.a3 Nh6 6.axb4 Bxb4 7.c3 Be7 8.d4 Nf5 9.Bd3
Nc6 10.Nbd2 Rb8 11.Nf1 b5 12.Ne3 b4 13.Nxf5 exf5 14.cxb4 Bxb4+ 15.Bd2 Qb6 16.O-O
O-O 17.Bxb4 Nxb4 18.Bb1 Bd7 19.Nh4 g6 20.Qd2 Nc6 21.Nf3 Qb2 22.Qh6 f6 23.exf6
Rxf6 24.Ba2 Qb4 25.Bxd5+ Kh8 26.Bxc6 Bxc6 27.Rxa7 Rb7 28.Ra8+ Rb8 29.Ng5

[Event "2 Bundesliga Mitte 2006/2007"]
[Site "Trofaiach"]
[Date "2007.03.03"]
[Round "8"]
[Board "1"]
[White "Buhmann, Rainer"]
[Black "Horvath, Tamas"]
[Result "1/2-1/2"]
[WhiteElo "2532"]
[BlackElo "2427"]
[PlyCount "90"]
[EventDate "2006.10.28"]
[EventType "team"]
[EventRounds "11"]
[EventCountry "AUT"]
[WhiteTeam "Maria Saal"]
[BlackTeam "SC Gleisdorf"]

1.Nf3 c5 2.c4 Nf6 3.Nc3 e6 4.g3 b6 5.Bg2 Bb7 6.O-O Be7 7.Re1 d6 8.e4 Nbd7 9.d4
cxd4 10.Nxd4 Qc7 11.Nd5 exd5 12.exd5 Ne5 13.Nf5 O-O 14.Nxe7+ Qxe7 15.f4 Nfd7
16.b3 Qf6 17.fxe5 Nxe5 18.Bb2 Rae8 19.Qd2 Bc8 20.a4 Qf5 21.Qc3 Qg6 22.b4 f6
23.c5 bxc5 24.bxc5 dxc5 25.d6 Be6 26.Rad1 Bg4 27.Qxc5 Bxd1 28.Rxd1 Kh8 29.Bxe5
Rxe5 30.Qxa7 Qg4 31.Rb1 Qf5 32.Rd1 Qg4 33.Rb1 Qf5 34.Qb6 h5 35.Rf1 Qe6 36.a5 h4
37.a6 h3 38.Bf3 Re1 39.Qf2 Rxf1+ 40.Qxf1 Qxd6 41.Qxh3+ Kg8 42.Qh5 Rd8 43.a7 Qb6+
44.Kg2 Qxa7 45.Bd5+ Rxd5

[Event "2 Bundesliga Mitte 2006/2007"]
[Site "Trofaiach"]
[Date "2007.03.03"]
[Round "8"]
[Board "2"]
[White "Meszaros, Tamas"]
[Black "Kaspret, Guido"]
[Result "1/2-1/2"]
[WhiteElo "2352"]
[BlackElo "2325"]
[PlyCount "91"]
[EventDate "2006.10.28"]
[EventType "team"]
[EventRounds "11"]
[EventCountry "AUT"]
[WhiteTeam "SC Gleisdorf"]
[BlackTeam "Maria Saal"]

1.e4 e5 2.d4 exd4 3.Qxd4 Nc6 4.Qe3 g6 5.Bd2 Bg7 6.Nc3 d6 7.O-O-O Nf6 8.Nge2 O-O
9.Nf4 Ne5 10.f3 c6 11.g4 Nxf3 12.Qxf3 Bxg4 13.Qd3 Bxd1 14.Nxd1 Re8 15.Bg2 Qe7
16.Re1 Ng4 17.Qg3 Ne5 18.Nd3 a5 19.Bg5 Qe6 20.Kb1 Qg4 21.Bf4 Qxg3 22.Bxg3 Nc4
23.b3 Na3+ 24.Kc1 a4 25.Bxd6 axb3 26.axb3 Nb5 27.Bf4 Ra1+ 28.Kd2 Bf8 29.Bg5 Ra2
30.Nc3 Nxc3 31.Kxc3 Ra5 32.Bf6 Bg7 33.Bxg7 Kxg7 34.e5 Re7 35.b4 Ra3+ 36.Kb2 Ra8
37.Kb3 Rd7 38.Bh3 Rd4 39.Re3 Rh4 40.Nc5 b6 41.Nd7 Ra1 42.c3 b5 43.Nb8 Rb1+
44.Ka3 Ra1+ 45.Kb3 Rb1+ 46.Ka3

[Event "2 Bundesliga Mitte 2006/2007"]
[Site "Trofaiach"]
[Date "2007.03.03"]
[Round "8"]
[Board "3"]
[White "Horvath, Gabor"]
[Black "Sandhu, Mario"]
[Result "1-0"]
[WhiteElo "2273"]
[BlackElo "2288"]
[PlyCount "69"]
[EventDate "2006.10.28"]
[EventType "team"]
[EventRounds "11"]
[EventCountry "AUT"]
[WhiteTeam "Maria Saal"]
[BlackTeam "SC Gleisdorf"]

1.e4 c6 2.d4 d5 3.e5 c5 4.dxc5 Nc6 5.Bb5 e6 6.Be3 Nge7 7.c3 Bd7 8.Bxc6 Bxc6
9.Nf3 Nf5 10.Bd4 a5 11.O-O a4 12.Re1 Qa5 13.Nbd2 Be7 14.b4 Qa6 15.g4 Nh4 16.Nxh4
Bxh4 17.Nf3 Be7 18.Be3 Bb5 19.Bg5 Bf8 20.Nd4 Bd3 21.Re3 Bc4 22.f4 h6 23.Bh4 g6
24.Qc2 Rg8 25.Bg3 Be7 26.Kh1 Kd7 27.Rb1 b5 28.f5 gxf5 29.gxf5 Raf8 30.Rf3 Rg4
31.Rf4 Rfg8 32.fxe6+ fxe6 33.Rf7 Ke8 34.Qh7 Qb7 35.Bh4

[Event "2 Bundesliga Mitte 2006/2007"]
[Site "Trofaiach"]
[Date "2007.03.03"]
[Round "8"]
[Board "4"]
[White "Frosch, Ronald"]
[Black "Reschun, Sascha"]
[Result "1-0"]
[WhiteElo "2264"]
[BlackElo "2234"]
[PlyCount "79"]
[EventDate "2006.10.28"]
[EventType "team"]
[EventRounds "11"]
[EventCountry "AUT"]
[WhiteTeam "SC Gleisdorf"]
[BlackTeam "Maria Saal"]

1.d4 g6 2.Nf3 Bg7 3.g3 b6 4.Bg2 Bb7 5.O-O e6 6.c4 d6 7.Nc3 Ne7 8.e4 O-O 9.Be3 h6
10.d5 e5 11.Qd2 Kh7 12.h4 Bc8 13.b4 Nd7 14.c5 f5 15.cxd6 cxd6 16.h5 gxh5 17.Rac1
f4 18.gxf4 exf4 19.Bxf4 Ng6 20.Bh2 Nde5 21.Nxe5 dxe5 22.Ne2 Nh4 23.Qe3 Bg4 24.f4
exf4 25.Nxf4 Qg5 26.Rc7 Kg8 27.Qg3 Be5 28.Rc6 Rf7 29.d6 Raf8 30.Qb3 Kh8 31.Ng6+
Qxg6 32.Bxe5+ Kh7 33.Rc7 Bd7 34.Rxf7+ Rxf7 35.Qg3 Qe6 36.Bh3 Qxa2 37.Rxd7 Qb1+
38.Kh2 Qc2+ 39.Bg2 Rxd7 40.Qxh4

[Event "2 Bundesliga Mitte 2006/2007"]
[Site "Trofaiach"]
[Date "2007.03.03"]
[Round "8"]
[Board "5"]
[White "Lako, Laszlo"]
[Black "Wanderer, Thomas"]
[Result "1/2-1/2"]
[WhiteElo "2179"]
[BlackElo "2206"]
[PlyCount "20"]
[EventDate "2006.10.28"]
[EventType "team"]
[EventRounds "11"]
[EventCountry "AUT"]
[WhiteTeam "Maria Saal"]
[BlackTeam "SC Gleisdorf"]

1.Nf3 c5 2.g3 Nf6 3.Bg2 Nc6 4.d4 cxd4 5.Nxd4 g6 6.c4 Bg7 7.O-O O-O 8.Nc3 Nxd4
9.Qxd4 d6 10.b3 Qa5

[Event "2 Bundesliga Mitte 2006/2007"]
[Site "Trofaiach"]
[Date "2007.03.03"]
[Round "8"]
[Board "6"]
[White "Perhinig, Robert"]
[Black "Steiner, Josef"]
[Result "1-0"]
[WhiteElo "2213"]
[BlackElo "2120"]
[PlyCount "137"]
[EventDate "2006.10.28"]
[EventType "team"]
[EventRounds "11"]
[EventCountry "AUT"]
[WhiteTeam "SC Gleisdorf"]
[BlackTeam "Maria Saal"]

1.d4 Nf6 2.Bg5 Ne4 3.Bf4 c5 4.f3 Qa5+ 5.c3 Nf6 6.Nd2 cxd4 7.Nb3 Qb6 8.Qxd4 Qxd4
9.cxd4 e6 10.e4 Bb4+ 11.Kf2 O-O 12.Ne2 d5 13.a3 Be7 14.e5 Nfd7 15.g3 a5 16.Nc3
a4 17.Nc1 Nc6 18.Nb5 Nb6 19.Be3 Bd7 20.Na2 Na5 21.Nbc3 Nbc4 22.Rb1 Rfc8 23.Bd3
Bd8 24.f4 Bb6 25.Ne2 Rc7 26.g4 Rac8 27.h4 Nb3 28.Nac3 Ba5 29.Na2 Bb5 30.Nac3 Ba6
31.Bxc4 Rxc4 32.Rbd1 Bb6 33.f5 Ba5 34.g5 b5 35.h5 b4 36.axb4 Bxb4 37.g6 a3
38.gxf7+ Kxf7 39.fxe6+ Kg8 40.Nxd5 axb2 41.Nb6 Rf8+ 42.Nf4 Nc1 43.Rxc1 bxc1=Q
44.Rxc1 Rxf4+ 45.Bxf4 Rxd4 46.Be3 Rd8 47.Bc5 Bd2 48.Ra1 Bb5 49.e7 Rb8 50.e6 Be8
51.Kg3 Bg5 52.Rf1 Bf6 53.h6 Rxb6 54.Bxb6 Bxe7 55.hxg7 Kxg7 56.Bd4+ Kg6 57.Be5 h5
58.Kf4 Bg5+ 59.Ke4 Bc6+ 60.Kd4 h4 61.Kc5 Ba4 62.Kd6 Bd2 63.e7 Bb4+ 64.Ke6 Kg5
65.Rg1+ Kh5 66.Kf6 h3 67.Rg5+ Kh6 68.Rg3 Bxe7+ 69.Kxe7

[Event "2 Bundesliga Mitte 2006/2007"]
[Site "Trofaiach"]
[Date "2007.03.03"]
[Round "8"]
[Board "1"]
[White "Kozul, Zdenko"]
[Black "Mohr, Georg"]
[Result "1/2-1/2"]
[WhiteElo "2593"]
[BlackElo "2478"]
[PlyCount "30"]
[EventDate "2006.10.28"]
[EventType "team"]
[EventRounds "11"]
[EventCountry "AUT"]
[WhiteTeam "ZH Technologies Wolfsberg"]
[BlackTeam "Strassenbahn Graz"]

1.d4 Nf6 2.c4 g6 3.Nc3 Bg7 4.e4 d6 5.Nf3 O-O 6.Be2 e5 7.O-O c6 8.Re1 exd4 9.Nxd4
Re8 10.Bf1 Ng4 11.h3 Qb6 12.hxg4 Qxd4 13.g5 Qxd1 14.Rxd1 Be5 15.f3 Nd7

[Event "2 Bundesliga Mitte 2006/2007"]
[Site "Trofaiach"]
[Date "2007.03.03"]
[Round "8"]
[Board "2"]
[White "Butunoi, Alexandru"]
[Black "Stevic, Hrvoje"]
[Result "1/2-1/2"]
[WhiteElo "2404"]
[BlackElo "2491"]
[PlyCount "28"]
[EventDate "2006.10.28"]
[EventType "team"]
[EventRounds "11"]
[EventCountry "AUT"]
[WhiteTeam "Strassenbahn Graz"]
[BlackTeam "ZH Technologies Wolfsberg"]

1.e4 c5 2.Nf3 e6 3.d4 cxd4 4.Nxd4 Nf6 5.Nc3 d6 6.g4 h6 7.g5 hxg5 8.Bxg5 Nc6
9.Be2 a6 10.Qd2 Bd7 11.O-O-O Qc7 12.f4 O-O-O 13.h4 Be7 14.Kb1 Kb8

[Event "2 Bundesliga Mitte 2006/2007"]
[Site "Trofaiach"]
[Date "2007.03.03"]
[Round "8"]
[Board "3"]
[White "Vajda, Albert"]
[Black "Supancic, Darko"]
[Result "1/2-1/2"]
[WhiteElo "2478"]
[BlackElo "2378"]
[PlyCount "75"]
[EventDate "2006.10.28"]
[EventType "team"]
[EventRounds "11"]
[EventCountry "AUT"]
[WhiteTeam "ZH Technologies Wolfsberg"]
[BlackTeam "Strassenbahn Graz"]

1.e4 c5 2.Nf3 Nf6 3.e5 Nd5 4.g3 Nc6 5.Bg2 e6 6.O-O d6 7.exd6 Bxd6 8.d4 O-O
9.dxc5 Bxc5 10.Nbd2 b6 11.c4 Nde7 12.Ne4 Ba6 13.Nxc5 bxc5 14.b3 Qb6 15.Ng5 Rad8
16.Qh5 h6 17.Nf3 Nf5 18.g4 Nfd4 19.g5 Nxf3+ 20.Bxf3 hxg5 21.Bxg5 Rd7 22.Bf6 Ne7
23.Bxe7 Rxe7 24.Rad1 f5 25.Rd3 Rd8 26.Rfd1 Rxd3 27.Rxd3 Qc7 28.Qg6 Bc8 29.h4 Bd7
30.Qg5 Be8 31.h5 Kh7 32.Bg2 Rd7 33.Rg3 Rd1+ 34.Kh2 Qf7 35.Qe3 Rd4 36.Qe5 Rh4+
37.Kg1 Qf6 38.Qxc5

[Event "2 Bundesliga Mitte 2006/2007"]
[Site "Trofaiach"]
[Date "2007.03.03"]
[Round "8"]
[Board "4"]
[White "Krebs, Johann"]
[Black "Schachinger, Mario"]
[Result "1/2-1/2"]
[WhiteElo "2276"]
[BlackElo "2277"]
[PlyCount "109"]
[EventDate "2006.10.28"]
[EventType "team"]
[EventRounds "11"]
[EventCountry "AUT"]
[WhiteTeam "Strassenbahn Graz"]
[BlackTeam "ZH Technologies Wolfsberg"]

1.d4 d5 2.c4 e6 3.Nf3 c6 4.e3 Nf6 5.Bd3 Nbd7 6.O-O dxc4 7.Bxc4 Bd6 8.Nc3 O-O
9.Qc2 Qe7 10.Rd1 e5 11.Ne4 Nxe4 12.Qxe4 h6 13.h3 Nf6 14.Qh4 e4 15.Nd2 Re8 16.Bb3
Bc7 17.Nc4 b5 18.Ne5 Bxe5 19.dxe5 Qxe5 20.Bd2 Be6 21.Bc3 Qg5 22.Bxf6 gxf6 23.Qf4
Qxf4 24.exf4 Rad8 25.Bxe6 fxe6 26.Rac1 Rxd1+ 27.Rxd1 Kf7 28.Rd6 c5 29.Rc6 c4
30.a4 Rb8 31.Rc7+ Kg6 32.a5 Kf5 33.g3 Rd8 34.Kf1 Rd2 35.Rc5+ Rd5 36.Rc7 e3 37.f3
Rd1+ 38.Ke2 Rd2+ 39.Kxe3 Rxb2 40.g4+ Kg6 41.Rxa7 Rb3+ 42.Ke2 Ra3 43.a6 b4 44.Rb7
Rxa6 45.Rxb4 Ra2+ 46.Ke3 Ra3+ 47.Kf2 c3 48.Rb7 h5 49.Rc7 h4 50.Ke3 c2+ 51.Ke2
Ra2 52.Ke3 Ra3+ 53.Ke2 Ra2 54.Ke3 Ra3+ 55.Ke2

[Event "2 Bundesliga Mitte 2006/2007"]
[Site "Trofaiach"]
[Date "2007.03.03"]
[Round "8"]
[Board "5"]
[White "Waldmann, Gerald"]
[Black "Pesorda, Ivan"]
[Result "1/2-1/2"]
[WhiteElo "2153"]
[BlackElo "2250"]
[PlyCount "35"]
[EventDate "2006.10.28"]
[EventType "team"]
[EventRounds "11"]
[EventCountry "AUT"]
[WhiteTeam "ZH Technologies Wolfsberg"]
[BlackTeam "Strassenbahn Graz"]

1.e4 c5 2.Nf3 e6 3.d4 cxd4 4.Nxd4 Nf6 5.Nc3 Nc6 6.Nxc6 bxc6 7.e5 Nd5 8.Ne4 f5
9.exf6 Nxf6 10.Nd6+ Bxd6 11.Qxd6 Qb6 12.Bd3 c5 13.Bf4 Bb7 14.O-O Rc8 15.c4 Rc6
16.Qe5 O-O 17.Rad1 Bc8 18.Be2

[Event "2 Bundesliga Mitte 2006/2007"]
[Site "Trofaiach"]
[Date "2007.03.03"]
[Round "8"]
[Board "6"]
[White "Steiner, Stefan"]
[Black "Toefferl, Heimo"]
[Result "1/2-1/2"]
[WhiteElo "2229"]
[BlackElo "2164"]
[PlyCount "24"]
[EventDate "2006.10.28"]
[EventType "team"]
[EventRounds "11"]
[EventCountry "AUT"]
[WhiteTeam "Strassenbahn Graz"]
[BlackTeam "ZH Technologies Wolfsberg"]

1.Nf3 d5 2.c4 e6 3.d4 c6 4.Nc3 f5 5.Bf4 Nd7 6.e3 Ngf6 7.Be2 Be7 8.O-O Ne4 9.Be5
O-O 10.Qc2 Qe8 11.a3 g5 12.Nd2 Nxe5

[Event "2 Bundesliga Mitte 2006/2007"]
[Site "Trofaiach"]
[Date "2007.03.03"]
[Round "8"]
[Board "1"]
[White "Taggatz, Mario"]
[Black "Shengelia, Davit"]
[Result "0-1"]
[WhiteElo "2283"]
[BlackElo "2490"]
[PlyCount "56"]
[EventDate "2006.10.28"]
[EventType "team"]
[EventRounds "11"]
[EventCountry "AUT"]
[WhiteTeam "Sauwald"]
[BlackTeam "Union Styria Kleine Zeitung Graz 2"]

1.Nf3 g6 2.d4 Bg7 3.c4 d6 4.e4 Bg4 5.Be2 Nc6 6.Be3 e5 7.d5 Nce7 8.Nc3 Bxf3
9.Bxf3 f5 10.Qa4+ Kf7 11.g4 fxg4 12.Bxg4 Bh6 13.Bxh6 Nxh6 14.Be6+ Kg7 15.O-O-O
Rf8 16.Qc2 Neg8 17.h4 Nf6 18.Rdg1 Nh5 19.Qd2 Rf4 20.Rg5 Qf6 21.Rh2 Rf8 22.Nb5
Rxe4 23.b3 Nf4 24.f3 Re1+ 25.Kc2 Rf1 26.Nc3 Nh5 27.Bg4 Nxg4 28.fxg4 Ng3

[Event "2 Bundesliga Mitte 2006/2007"]
[Site "Trofaiach"]
[Date "2007.03.03"]
[Round "8"]
[Board "2"]
[White "Wittmann, Walter"]
[Black "Testor, Sebastian"]
[Result "1-0"]
[WhiteElo "2361"]
[BlackElo "2233"]
[PlyCount "81"]
[EventDate "2006.10.28"]
[EventType "team"]
[EventRounds "11"]
[EventCountry "AUT"]
[WhiteTeam "Union Styria Kleine Zeitung Graz 2"]
[BlackTeam "Sauwald"]

1.e4 e6 2.d4 d5 3.Nd2 Be7 4.Ngf3 Nf6 5.Bd3 c5 6.exd5 Qxd5 7.dxc5 Bxc5 8.O-O Nc6
9.Qe2 Nb4 10.Bb5+ Bd7 11.Bxd7+ Nxd7 12.Ne4 O-O-O 13.a3 Nc6 14.Rd1 Qh5 15.Bg5 Be7
16.Bxe7 Nxe7 17.Nd6+ Kb8 18.c4 Nf5 19.Qe4 Nxd6 20.Rxd6 Nf6 21.Qd4 Rc8 22.Ne5 Ne8
23.Rd8 Nf6 24.Rxh8 Rxh8 25.Rd1 Rc8 26.f3 a6 27.b4 Qf5 28.Nxf7 Qc2 29.Ne5 Qb3
30.Qd3 Qb2 31.Re1 Ka8 32.Re2 Qc1+ 33.Kf2 Qf4 34.g3 Qf5 35.Qd6 h5 36.c5 Ng4+
37.Kg2 Rf8 38.f4 h4 39.Nxg4 h3+ 40.Kf3 Rc8 41.Qxe6

[Event "2 Bundesliga Mitte 2006/2007"]
[Site "Trofaiach"]
[Date "2007.03.03"]
[Round "8"]
[Board "3"]
[White "Hiermann, Dietmar"]
[Black "Rogulj, Branko"]
[Result "0-1"]
[WhiteElo "2260"]
[BlackElo "2413"]
[PlyCount "50"]
[EventDate "2006.10.28"]
[EventType "team"]
[EventRounds "11"]
[EventCountry "AUT"]
[WhiteTeam "Sauwald"]
[BlackTeam "Union Styria Kleine Zeitung Graz 2"]

1.e4 Nc6 2.Nc3 e5 3.Bc4 Nf6 4.d3 Bc5 5.Nf3 d6 6.h3 Be6 7.Bxe6 fxe6 8.O-O O-O
9.Na4 Bb6 10.Nxb6 axb6 11.Bg5 Qe8 12.Bxf6 Rxf6 13.c3 Qg6 14.Qe2 Raf8 15.Nd2 b5
16.a3 Qe8 17.Qe3 Qh5 18.Rae1 Ne7 19.Qe2 Qh4 20.Qg4 Qh6 21.Qd1 Ng6 22.Re2 Qg5
23.Re3 Rxf2 24.Rxf2 Qxe3 25.Qe2 Qxf2+

[Event "2 Bundesliga Mitte 2006/2007"]
[Site "Trofaiach"]
[Date "2007.03.03"]
[Round "8"]
[Board "4"]
[White "Hatzl, Stefan"]
[Black "Lautner, Josef"]
[Result "1/2-1/2"]
[WhiteElo "2159"]
[BlackElo "2262"]
[PlyCount "91"]
[EventDate "2006.10.28"]
[EventType "team"]
[EventRounds "11"]
[EventCountry "AUT"]
[WhiteTeam "Union Styria Kleine Zeitung Graz 2"]
[BlackTeam "Sauwald"]

1.e4 d6 2.d4 Nf6 3.Nc3 c6 4.f4 g6 5.Nf3 Bg7 6.Bd3 O-O 7.O-O Bg4 8.h3 Bxf3 9.Qxf3
Qb6 10.Ne2 c5 11.dxc5 Qxc5+ 12.Be3 Qc7 13.c4 Nc6 14.Rac1 Nd7 15.b3 Nde5 16.fxe5
Nxe5 17.Qg3 Nxd3 18.Rcd1 Nc5 19.Qh4 Ne6 20.Rd5 b6 21.Ng3 Be5 22.Bh6 Ng7 23.Bg5
f6 24.Bh6 e6 25.Rd3 Rf7 26.Ne2 Re8 27.Nd4 a6 28.Nf3 g5 29.Qf2 Nh5 30.Nxe5 dxe5
31.h4 Nf4 32.Rg3 Kh8 33.hxg5 f5 34.Qb2 Ng6 35.Rgf3 f4 36.g3 Kg8 37.gxf4 exf4
38.Qc3 Rd8 39.Rd3 Rxd3 40.Qxd3 f3 41.Rxf3 Ne5 42.Rxf7 Qc5+ 43.Kf1 Nxd3 44.Rg7+
Kh8 45.Rf7 Kg8 46.Rg7+

[Event "2 Bundesliga Mitte 2006/2007"]
[Site "Trofaiach"]
[Date "2007.03.03"]
[Round "8"]
[Board "5"]
[White "Niederwieser, Peter"]
[Black "Frank, Paul"]
[Result "1/2-1/2"]
[WhiteElo "2162"]
[BlackElo "2151"]
[PlyCount "153"]
[EventDate "2006.10.28"]
[EventType "team"]
[EventRounds "11"]
[EventCountry "AUT"]
[WhiteTeam "Sauwald"]
[BlackTeam "Union Styria Kleine Zeitung Graz 2"]

1.d4 Nf6 2.c4 g6 3.Nc3 d5 4.cxd5 Nxd5 5.Nf3 Bg7 6.Na4 Nf6 7.g3 O-O 8.Bg2 c6
9.O-O Nbd7 10.h3 Nb6 11.Bd2 Nc4 12.Be1 Nd6 13.Rc1 Nde4 14.Ne5 Ng5 15.Kh2 h5
16.e3 Nd7 17.Nxd7 Qxd7 18.Nc5 Qd8 19.b4 Qd6 20.b5 h4 21.f4 Nh7 22.bxc6 bxc6
23.Qf3 Rb8 24.Qxc6 hxg3+ 25.Bxg3 Qd8 26.Rf2 Rb6 27.Qa4 a6 28.Rcc2 Nf6 29.Rb2
Rxb2 30.Rxb2 Nd5 31.Qb3 Nxe3 32.Qxe3 Bxd4 33.Qc1 Bxb2 34.Qxb2 Qa5 35.Qe5 Re8
36.a4 Qd2 37.Ne4 Qd8 38.Be1 f6 39.Qc5 Qd3 40.Nf2 Qe2 41.Bb4 Be6 42.Kg3 Bf7
43.Bc6 Rc8 44.Bf3 Rxc5 45.Bxe2 Rc6 46.Bf3 Rc4 47.Bxe7 Rxa4 48.Bxf6 Ra3 49.Kg2 a5
50.Ng4 Be6 51.Ne5 a4 52.h4 Rb3 53.Be4 Rb2+ 54.Kf3 Bf5 55.Bd5+ Kh7 56.Nxg6 Rd2
57.Ne7 a3 58.Bg8+ Kh6 59.Nxf5+ Kg6 60.Be5 Kxf5 61.Bh7+ Ke6 62.Bg8+ Kf5 63.h5 Rh2
64.Bf7 Rh3+ 65.Kg2 Rh4 66.Bg6+ Ke6 67.Kg3 Rh1 68.Bg7 a2 69.f5+ Kd7 70.h6 Rxh6
71.Bf7 Rh7 72.Bxa2 Rxg7+ 73.Kf4 Ke7 74.Ke5 Rg2 75.f6+ Ke8 76.Be6 Re2+ 77.Kd6

[Event "2 Bundesliga Mitte 2006/2007"]
[Site "Trofaiach"]
[Date "2007.03.03"]
[Round "8"]
[Board "6"]
[White "Nickl, Klaus"]
[Black "Kuran, Avelino"]
[Result "1/2-1/2"]
[WhiteElo "2181"]
[BlackElo "1993"]
[PlyCount "146"]
[EventDate "2006.10.28"]
[EventType "team"]
[EventRounds "11"]
[EventCountry "AUT"]
[WhiteTeam "Union Styria Kleine Zeitung Graz 2"]
[BlackTeam "Sauwald"]

1.d4 d5 2.Nf3 Nf6 3.e3 c6 4.Bd3 e6 5.O-O Nbd7 6.c4 b6 7.Nbd2 Qc7 8.b3 Bd6 9.Bb2
O-O 10.Rc1 Bb7 11.a3 c5 12.cxd5 exd5 13.dxc5 bxc5 14.h3 Ne4 15.b4 Qb6 16.Bxe4
dxe4 17.Nc4 Qc6 18.b5 Qd5 19.Qxd5 Bxd5 20.Rfd1 Bxc4 21.Rxc4 Nb6 22.Rxe4 Rfd8
23.Kf1 f5 24.Re6 Nc4 25.Bc3 Kf7 26.Ng5+ Kg8 27.e4 h6 28.Nf3 fxe4 29.Rxe4 Nxa3
30.Re6 Nxb5 31.Ba5 Kf7 32.Re2 Bc7 33.Ra1 Bxa5 34.Rxa5 Nc3 35.Re1 Rdc8 36.Ne5+
Kg8 37.Nd7 c4 38.Ne5 Rc7 39.Rc1 Ne4 40.Ra4 Nd2+ 41.Ke2 c3 42.f4 Rd8 43.Ra3 c2
44.Rd3 Rxd3 45.Kxd3 Nf1 46.g4 Ng3 47.Rxc2 Rxc2 48.Kxc2 Ne2 49.Ng6 Kf7 50.f5 Kf6
51.Kd3 Ng1 52.Nf4 Nf3 53.Nh5+ Kf7 54.Ke3 a5 55.Nf4 a4 56.Nd3 a3 57.Nb4 Ne5
58.Na2 Kf6 59.Kf4 g6 60.fxg6 Nxg6+ 61.Kg3 Ke5 62.h4 Ke4 63.Nb4 Nf4 64.Na2 Nd5
65.h5 Nf6 66.Nb4 Nh7 67.Na2 Ng5 68.Nb4 Ne6 69.Na2 Ke5 70.Nc3 Nc5 71.Na2 Nd3
72.Kf3 Kd4 73.g5 hxg5